=LDR 00000nam 2200000 4500 =001 INLIS000000000007448 =005 20130612095439 =008 ***********************************Ind** =035 ##$$0010-061300000007448 =041 ##$$a Ind =082 ##$$a 510.76 =090 ##$$a 510.76, Sud p =100 ##$$a SUDRAJAT, Asep =245 ##$$a Prestasi Matematika, Asep Sudrajat. -- =260 ##$$a 1999 $b Bandung =300 ##$$a x, 117 hlm, ilus, 21 cm =650 ##$$a Matematika - Studi dan Pengajaran